000 00355nam a2200145Ia 4500
008 230917s9999||||xx |||||||||||||| ||und||
040 _e72601
_aMAIN
041 _aEnglish
082 _a658 C393M
100 _aChaudhary, A K, ed
245 0 _aManagement: bahavioural science approach
260 _aDelhi
_bRajat
_c1999
300 _a304 p.
942 _cBK
999 _c93503
_d93503